Normal view
MARC view
- ADAPTIVE CONTROL SYSTEMS.GENETIC ALGORITHMS.FUZZY SYSTEMS. WEBSITE CLASSIFICATION
Entry Topical Term
001 - CONTROL NUMBER
- control field: 68282
003 - CONTROL NUMBER IDENTIFIER
- control field: NUST
005 - DATE AND TIME OF LATEST TRANSACTION
- control field: 20210628204022.0
008 - FIXED-LENGTH DATA ELEMENTS
- fixed length control field: 210628|| aca||aabn | a|a d
040 ## - CATALOGING SOURCE
- Original cataloging agency: NUST
- Transcribing agency: NUST
150 ## - HEADING--TOPICAL TERM
- Topical term or geographic name entry element: ADAPTIVE CONTROL SYSTEMS.GENETIC ALGORITHMS.FUZZY SYSTEMS. WEBSITE CLASSIFICATION
670 ## - SOURCE DATA FOUND
- Source citation: Work cat.: (NUST): Rafiq Islam 68281, Genetic algorithms, fuzzy systems and website classification, 2012
